2024 Billboard Number One Songs - Statistics

General Stats
  • This quiz has been taken 386 times
    216 since last reset
  • The average score is 11 of 18
Answer Stats
Week(s) Song Artist % Correct
2 Not Like Us Kendrick Lamar
86%
19 A Bar Song (Tipsy) Shaboozey
84%
1 Please Please Please Sabrina Carpenter
82%
3 All I Want for Christmas Is You Mariah Carey
81%
2 Fortnight Taylor Swift ft. Post Malone
75%
2 Texas Hold 'Em Beyoncé
70%
1 Lose Control Teddy Swims
69%
1 Too Sweet Hozier
68%
1 We Can't Be Friends (Wait for Your Love) Ariana Grande
62%
1 Rockin' Around the Christmas Tree Brenda Lee
58%
6 I Had Some Help Post Malone ft. Morgan Wallen
55%
1 Yes, And? Ariana Grande
55%
1 Carnival ¥$: Ye and Ty Dolla Signft. Rich the Kid and Playboi Carti
52%
3 Like That Future, Metro Boomin, Kendrick Lamar
50%
5 Lovin on Me Jack Harlow
49%
1 Squabble Up Kendrick Lamar
39%
1 Hiss Megan Thee Stallion
31%
1 Love Somebody Morgan Wallen
19%
No matching quizzes found
Score Distribution
Percent of People with Each Score
Percentile by Number Answered
Your Score History
You have not taken this quiz since the last reset